000 00574nam a2200181 a 4500
005 20230418063544.0
008 040903s2000 mx r 000 0 spa d
035 _aUPN01000134505
049 _aF
050 4 _aLC5309 U59
_bH551 2000
245 0 0 _aHistoria, sociedad y educación I :
_bguía de trabajo.
260 _aMéxico :
_bUPN,
_c2000.
300 _a31 p.
500 _a"Licenciatura en educación preescolar y primaria para el medio indígena"
651 4 _aMéxico
_xCondiciones sociales
_94559
650 4 _aEducación
_zMéxico
_xHistoria
_9187
905 _aLibro
999 _c106656
_d106656